<?xml version="1.0" encoding="UTF-8"?>
<record
    xmlns:xsi="http://www.w3.org/2001/XMLSchema-instance"
    xsi:schemaLocation="http://www.loc.gov/MARC21/slim http://www.loc.gov/standards/marcxml/schema/MARC21slim.xsd"
    xmlns="http://www.loc.gov/MARC21/slim">

  <leader>01857nab a2200253uuc4500</leader>
  <controlfield tag="001">1336155</controlfield>
  <controlfield tag="005">20250201090858.0</controlfield>
  <controlfield tag="008">130715m01uu2012                    spa  </controlfield>
  <datafield tag="035" ind1=" " ind2=" ">
    <subfield code="a">1336155</subfield>
  </datafield>
  <datafield tag="040" ind1=" " ind2=" ">
    <subfield code="c">comduadb</subfield>
  </datafield>
  <datafield tag="041" ind1=" " ind2=" ">
    <subfield code="a">spa</subfield>
  </datafield>
  <datafield tag="100" ind1="1" ind2="0">
    <subfield code="a">Grondin, Jean,</subfield>
    <subfield code="c">Fil&#xF3;sofo canadiense,</subfield>
    <subfield code="d">1955-</subfield>
    <subfield code="4">aut</subfield>
    <subfield code="0">(isni)0000 0001 2136 4143</subfield>
    <subfield code="0">(viaf)64026608</subfield>
    <subfield code="e">aut</subfield>
    <subfield code="9">503983</subfield>
  </datafield>
  <datafield tag="245" ind1="1" ind2="0">
    <subfield code="a">Hermen&#xE9;utica y existencia</subfield>
  </datafield>
  <datafield tag="520" ind1="3" ind2=" ">
    <subfield code="a">Se recogen en este texto, transcrito por Javier Mart&#xED;nez Contreras, redactor de todos los textos presentados oralmente en el Coloquio sobre Hermen&#xE9;utica y sentido, coordinado por Andr&#xE9;s Ortiz-Os&#xE9;s, la destacada participaci&#xF3;n de Zabala, Grondin y Ortiz-Os&#xE9;s, en su dispuatio acerca de sus tesis hermen&#xE9;uticas sobre lo que es el "sentido". Si bien este se encuentra impl&#xED;cito en los hechos mismos o resulta de una interacci&#xF3;n entre hechos y realidad, o daci&#xF3;n pragm&#xE1;tica del sujeto de la vivencia que materializa el sentido subjetivo u objetivo, t&#xE1;cito o expreso, velado o revelado, de las cosas que existen en el mundo. Excelente ejercicio de ret&#xF3;rica que indaga en el sistema de significaci&#xF3;n del lenguaje en un intento m&#xE1;s por esclarecer o iluminar la interpretaci&#xF3;n del signo y de la palabra.</subfield>
  </datafield>
  <datafield tag="650" ind1=" " ind2=" ">
    <subfield code="a">Sentido</subfield>
    <subfield code="9">32999</subfield>
  </datafield>
  <datafield tag="650" ind1=" " ind2=" ">
    <subfield code="a">Existencia</subfield>
    <subfield code="9">24926</subfield>
  </datafield>
  <datafield tag="650" ind1=" " ind2=" ">
    <subfield code="a">Palabra</subfield>
    <subfield code="9">32109</subfield>
  </datafield>
  <datafield tag="650" ind1=" " ind2="7">
    <subfield code="a">Signos y s&#xED;mbolos</subfield>
    <subfield code="2">armarc</subfield>
    <subfield code="9">11534</subfield>
  </datafield>
  <datafield tag="650" ind1=" " ind2="7">
    <subfield code="a">Antropolog&#xED;a de la educaci&#xF3;n</subfield>
    <subfield code="2">lemb</subfield>
    <subfield code="9">10118</subfield>
  </datafield>
  <datafield tag="700" ind1="1" ind2="0">
    <subfield code="a">Ortiz-Os&#xE9;s, Andr&#xE9;s, </subfield>
    <subfield code="d">1943-2021</subfield>
    <subfield code="4">aut</subfield>
    <subfield code="0">(isni)0000 0001 2148 2158</subfield>
    <subfield code="0">(viaf)113544251</subfield>
    <subfield code="e">aut</subfield>
    <subfield code="9">239184</subfield>
  </datafield>
  <datafield tag="700" ind1="1" ind2="0">
    <subfield code="a">Zabala, Santiago,</subfield>
    <subfield code="d"> 1975-</subfield>
    <subfield code="4">aut</subfield>
    <subfield code="0">(isni)0000000114444612</subfield>
    <subfield code="0">(viaf)54403449</subfield>
    <subfield code="e">aut</subfield>
    <subfield code="9">548482</subfield>
  </datafield>
  <datafield tag="773" ind1="0" ind2=" ">
    <subfield code="t">Utop&#xED;a y Praxis Latinoamericana : Revista Internacional de Filosof&#xED;a Iberoamericana y Teor&#xED;a Social (Maracaibo)</subfield>
    <subfield code="g">Vol. 17, No. 56, Ene.-Mar. 2012, 79-94</subfield>
    <subfield code="w">179671</subfield>
    <subfield code="x">1315-5216</subfield>
    <subfield code="0">84327</subfield>
  </datafield>
  <datafield tag="942" ind1=" " ind2=" ">
    <subfield code="c">ARIMP</subfield>
  </datafield>
  <datafield tag="999" ind1=" " ind2=" ">
    <subfield code="c">659015</subfield>
    <subfield code="d">659015</subfield>
  </datafield>
</record>
